<?xml version="1.0" encoding="UTF-8"?><?xml-stylesheet type="text/xsl" href="static/style.xsl"?><OAI-PMH xmlns="http://www.openarchives.org/OAI/2.0/" xmlns:xsi="http://www.w3.org/2001/XMLSchema-instance" xsi:schemaLocation="http://www.openarchives.org/OAI/2.0/ http://www.openarchives.org/OAI/2.0/OAI-PMH.xsd"><responseDate>2026-06-06T17:53:20Z</responseDate><request verb="GetRecord" identifier="oai:riuma.uma.es:10630/40140" metadataPrefix="marc">https://riuma.uma.es/rest/oai/request</request><GetRecord><record><header><identifier>oai:riuma.uma.es:10630/40140</identifier><datestamp>2026-02-03T10:50:30Z</datestamp><setSpec>com_10630_2254</setSpec><setSpec>col_10630_37953</setSpec></header><metadata><record xmlns="http://www.loc.gov/MARC21/slim" xmlns:dcterms="http://purl.org/dc/terms/" xmlns:doc="http://www.lyncode.com/xoai" xmlns:xsi="http://www.w3.org/2001/XMLSchema-instance" xsi:schemaLocation="http://www.loc.gov/MARC21/slim http://www.loc.gov/standards/marcxml/schema/MARC21slim.xsd">
   <leader>00925njm 22002777a 4500</leader>
   <datafield ind2=" " ind1=" " tag="042">
      <subfield code="a">dc</subfield>
   </datafield>
   <datafield ind2=" " ind1=" " tag="720">
      <subfield code="a">Aledo-Ramos, Juan Carlos</subfield>
      <subfield code="e">author</subfield>
   </datafield>
   <datafield ind2=" " ind1=" " tag="720">
      <subfield code="a">Aledo, Pablo</subfield>
      <subfield code="e">author</subfield>
   </datafield>
   <datafield ind2=" " ind1=" " tag="260">
      <subfield code="c">2020-10</subfield>
   </datafield>
   <datafield ind2=" " ind1=" " tag="520">
      <subfield code="a">Methionine oxidation plays a relevant role in cell signaling. Recently, we built a&#xd;
database containing thousands of proteins identified as sulfoxidation targets. Using this resource,&#xd;
we have now developed a computational approach aimed at characterizing the oxidation of human&#xd;
methionyl residues. We found that proteins oxidized in both cell-free preparations (in vitro) and&#xd;
inside living cells (ex vivo) were enriched in methionines and intrinsically disordered regions.&#xd;
However, proteins oxidized ex vivo tended to be larger and less abundant than those oxidized in vitro.&#xd;
Another distinctive feature was their subcellular localizations. Thus, nuclear and mitochondrial&#xd;
proteins were preferentially oxidized ex vivo but not in vitro. The nodes corresponding with ex vivo&#xd;
and in vitro oxidized proteins in a network based on gene ontology terms showed an assortative&#xd;
mixing suggesting that ex vivo oxidized proteins shared among them molecular functions and&#xd;
biological processes. This was further supported by the observation that proteins from the ex vivo&#xd;
set were co-regulated more often than expected by chance. We also investigated the sequence&#xd;
environment of oxidation sites. Glutamate and aspartate were overrepresented in these environments&#xd;
regardless the group. In contrast, tyrosine, tryptophan and histidine were clearly avoided but only in&#xd;
the environments of the ex vivo sites. A hypothetical mechanism of methionine oxidation accounts&#xd;
for these observations presented.</subfield>
   </datafield>
   <datafield ind1="8" ind2=" " tag="024">
      <subfield code="a">Aledo, J.C.; Aledo, P. Susceptibility of Protein Methionine Oxidation in Response to Hydrogen Peroxide Treatment–Ex Vivo Versus In Vitro: A Computational Insight. Antioxidants 2020, 9, 987. https://doi.org/10.3390/antiox9100987</subfield>
   </datafield>
   <datafield ind1="8" ind2=" " tag="024">
      <subfield code="a">https://hdl.handle.net/10630/40140</subfield>
   </datafield>
   <datafield ind1="8" ind2=" " tag="024">
      <subfield code="a">10.3390/antiox9100987</subfield>
   </datafield>
   <datafield tag="653" ind2=" " ind1=" ">
      <subfield code="a">Aminoácidos</subfield>
   </datafield>
   <datafield tag="653" ind2=" " ind1=" ">
      <subfield code="a">Estrés oxidativo</subfield>
   </datafield>
   <datafield tag="653" ind2=" " ind1=" ">
      <subfield code="a">Señalización celular</subfield>
   </datafield>
   <datafield ind2="0" ind1="0" tag="245">
      <subfield code="a">Susceptibility of Protein Methionine Oxidation in Response to Hydrogen Peroxide Treatment–Ex Vivo versus In Vitro: A Computational Insight</subfield>
   </datafield>
</record>
</metadata></record></GetRecord></OAI-PMH>